Score 0/213 Timer 18:00
0 Plays Today
Names % Correct
Julie
89.4%
Eve
87.9%
Emily
87.7%
Lily
87%
Chloe
85.1%
Zoe
84.7%
Elle
84.3%
Evelyn
84.1%
Jennifer
80.7%
Rose
80.5%
Zoey
80.3%
Ellie
80%
Molly
79.4%
Kelly
79.2%
Lucy
78.8%
Lilly
77.5%
Kylie
77.3%
Ellen
77.1%
Jessie
77.1%
Helen
76.6%
Erin
76%
Olive
76%
Kimberly
75.4%
Holly
74.7%
Jenny
74.1%
Ruby
73.7%
Christine
73.5%
Ruth
72.6%
Brooke
71.8%
Nicole
71.8%
Michelle
71.3%
Riley
71.1%
Kimber
70.9%
Hope
70.5%
Josephine
69.9%
Sophie
69.9%
Khloe
68.8%
Brooklyn
68.6%
Destiny
68.2%
Ivy
68.2%
Violet
68.2%
June
67.7%
Lillie
67.5%
Elise
66.7%
Iris
66.7%
Juliet
66.5%
Kylee
66.2%
Josie
65.8%
Esther
65.6%
Kelsey
62.8%
Bryn
62.6%
Jocelyn
62.4%
Penelope
61.8%
Joy
61.1%
Quinn
60.9%
Courtney
60.7%
Brynn
60.5%
Peyton
60.5%
Rylee
60.1%
Willow
60.1%
Leslie
59.9%
Elsie
59.4%
Irene
59.4%
Judith
59.4%
Jordyn
59.2%
Mollie
59%
Serenity
59%
Edith
58.4%
Kristen
58%
Trinity
58%
Juliette
57.7%
Names % Correct
Lindsey
57.5%
Evie
57.3%
Sydney
57.1%
Emilie
55.8%
Kennedy
55.6%
Lucille
55.6%
Millie
55.6%
Brooklynn
55%
Wendy
55%
Summer
54.1%
Lexi
53.9%
Eden
53.7%
Heidi
53.7%
Joyce
53.7%
Piper
53.1%
Sky
53.1%
Cindy
52%
Melody
51.6%
Genesis
51.2%
Miley
50.7%
Mckenzie
49.9%
Shelby
49.5%
London
49.3%
Vivienne
49.3%
Evelynn
49%
Skye
48.6%
Eileen
48.4%
Denise
48%
Sofie
48%
Emerson
47.8%
Skyler
47.8%
Tess
47.6%
Brielle
47.3%
Kyleigh
47.1%
Bridget
46.5%
Phoebe
46.5%
Emmy
46.3%
Meredith
46.1%
Britney
45.4%
Ryleigh
44.8%
Whitney
44.4%
Kirsten
44.2%
Genevieve
43.7%
Dorothy
43.3%
Kenzie
43.1%
Kourtney
42%
Renee
41.8%
Rylie
41.6%
Cheyenne
41%
Emery
41%
Giselle
41%
Sidney
41%
Gwendolyn
40.6%
Desiree
40.1%
Lexie
40.1%
Tori
40.1%
Kinley
39.9%
Eloise
39.1%
Emilee
39.1%
Jocelynn
38%
Noelle
37.6%
Londyn
37.4%
Estelle
37.2%
Elin
36.5%
Kiley
36.5%
Celeste
36.3%
Felicity
36.3%
Reese
35.9%
Kinsley
35.5%
Corinne
35.2%
Elyse
35%
Names % Correct
Jolie
35%
Esme
34.6%
Joselyn
34.4%
Brynlee
34.2%
Bree
33.8%
Celine
32.9%
Journey
32.7%
Lyric
32.7%
Kennedi
31%
Presley
30.8%
Brylee
29.9%
Zoie
29.7%
Libby
29.5%
Ember
29.3%
Finley
29.3%
Isis
28.7%
Emory
28.5%
Kenley
28.2%
Emely
27.6%
Destinee
25.5%
Brinley
25.3%
Everly
25.3%
Jolene
25.1%
Colette
23.4%
Mckinley
23.4%
Emersyn
23.1%
Bryleigh
22.9%
Simone
22.5%
Jewel
22.1%
Jordynn
22.1%
Journee
22.1%
Justice
22.1%
Winter
21.7%
Mercedes
20.8%
Liberty
20%
Briley
19.5%
River
18.9%
Joslyn
18.7%
Demi
17.8%
Phoenix
17.8%
Elliot
17.6%
Leighton
17.4%
Bristol
17.2%
Ingrid
17%
Lilith
17%
Noemi
16.6%
Kensley
15.9%
Tenley
15.5%
Devyn
15.3%
Shiloh
15.3%
Roselyn
14.9%
Lizbeth
14.6%
Tinley
14.6%
Itzel
14%
Kendyl
14%
Zion
13.8%
Lorelei
13.6%
Juniper
13%
Luz
12.5%
Zuri
11.5%
Lesly
10.8%
Dixie
10.6%
Dulce
10.6%
Gisselle
10.2%
Belen
9.3%
Cherish
9.3%
Kynlee
7.4%
Sherlyn
3.2%
Monroe
3%
Collins
2.8%
Litzy
1.5%
Remove Ads.
Support Sporcle.
Get the best of Sporcle when you Go Orange. This ad-free experience offers more features, more stats, and more fun while also helping to support Sporcle. Thank you for becoming a member.

You're not logged in!

Compare scores with friends on all Sporcle quizzes.
OR
Log In

Show Comments

Extras

Top Quizzes Today


Score Distribution

Your Account Isn't Verified!

In order to create a playlist on Sporcle, you need to verify the email address you used during registration. Go to your Sporcle Settings to finish the process.

Report this User

Report this user for behavior that violates our Community Guidelines.

Details: